000 00619nam a22001697a 4500
999 _c508138
_d508138
005 20190312155609.0
008 180806b ||||| |||| 00| 0 eng d
040 _c
082 _aT19065x54 B/1950-51-1978-79
100 _aIndia. Ministry of Planning. Central Statistical Organisation
_9195
245 _aBasic statistics relating to the Indian economy
_bby Cental Statistical Organisation, Ministry of Planning
260 _aDelhi
_bController of Publications
_c1980
300 _a169p.
500 _aLibrary has 1950-51-1979-80 1986,1988, 1989, 1991
653 _aEconomy - Statistics - India
942 _2ddc
_cGG